Layer hearth control in medium scale at poultry keeping at soma farm baty district takeo province,​ ការគ្រប់គ្រងសុខភាពមាន់ពងទ្រងទ្រាយមធ្យមនៅកសិដ្ឋានសូមា ស្រុកបាទី ខេត្តតាកែវ (Record no. 1775)

000 -LEADER
fixed length control field 00686nam a22001577a 4500
003 - CONTROL NUMBER IDENTIFIER
control field OSt
005 - DATE AND TIME OF LATEST TRANSACTION
control field 20151003112841.0
008 - FIXED-LENGTH DATA ELEMENTS--GENERAL INFORMATION
fixed length control field 151003b xxu||||| |||| 00| 0 eng d
040 ## - CATALOGING SOURCE
Transcribing agency RUA
082 ## - DEWEY DECIMAL CLASSIFICATION NUMBER
Classification number AVM CHH 1999 B071 Or.1
100 ## - MAIN ENTRY--PERSONAL NAME
9 (RLIN) 1879
Personal name CHHOEUNG, CHHIV EARNG.
245 ## - TITLE STATEMENT
Title Layer hearth control in medium scale at poultry keeping at soma farm baty district takeo province,​ ការគ្រប់គ្រងសុខភាពមាន់ពងទ្រងទ្រាយមធ្យមនៅកសិដ្ឋានសូមា ស្រុកបាទី ខេត្តតាកែវ
260 ## - PUBLICATION, DISTRIBUTION, ETC. (IMPRINT)
Place of publication, distribution, etc. Phnom Penh
Name of publisher, distributor, etc. RUA
Date of publication, distribution, etc. 1999
300 ## - PHYSICAL DESCRIPTION
Extent 51p.
Other physical details ill.
Dimensions 29cm.
942 ## - ADDED ENTRY ELEMENTS (KOHA)
Source of classification or shelving scheme
Koha item type AVM
Holdings
Price effective from Date last seen Permanent Location Not for loan Date acquired Source of classification or shelving scheme Koha item type Lost status Withdrawn status Date last checked out Total Checkouts Shelving location Damaged status Barcode Current Location Full call number
2015-10-032016-03-17Library Block B 2015-10-03 AVM  2016-02-171B071 RUA009205Library Block BAVM CHH 1999 B071 Or.1
មជ្ឈមណ្ឌលឯការនៃសាកលវិទ្យាល័យភូមិន្ទកសិកម្មចំការដូង

Powered by Koha